000 00605nam a2200193Ia 4500
008 140609s9999 xx 000 0 und d
020 _a9789715845359
050 _aPL 6054
_b.R436 2007
100 _aResuma, Vilma M.
245 _a(LET) reviewer sa filipino /
_cVilma M. Resuma
260 _aQuezon City, Philippines :
_bC&E Publishing, Inc.,
_cc2007.
300 _a72 p. ;
_c26 cm.
440 _a(Pagsusulit sa pagkuha ng lisensya para sa mga guro).
500 _aIncludes bibliographical references.
521 _aGE
650 _aTeacher
_xExaminations.
942 _kLOC
_cBK
999 _c118245
_d118245